00727nam a2200181 a 450000100100000000500170001000800410002704000250006808200160009310000260010924500740013526000460020930000310025504900090028695201140029595201190040999900170052800002724420200930030709.0110324s1986 dr c 000 f spa d aDO-SdBNPbspacBNPHU axxxxbT231e1 aTavarez, Frank95373210aEncrucijada en la sombra :bel hombre que fue monja /cFrank Tavarez. aSanto Domingo :bEditora el Mundo,c1986. a112 p. :bretrs. ;c20 cm. aBNPD 0010718PDaPDbPDcCTd2011-03-30iLF1l0oxxxx T231ep27244-10r2020-06-25w2020-06-25yLFPDZNo se presta 0010718PDaPDbPDcCTd2011-03-30iLF1l0oxxxx T231ep27244-20r2020-06-25te.2w2020-06-25yLFPDZNo se presta c26736d26736